Fr. Conceicao Rodrigues College of Engineering

Magic Maths II (Record no. 27103)

MARC details
000 -LEADER
fixed length control field 00265nam a2200133Ia 4500
082 ## - DEWEY DECIMAL CLASSIFICATION NUMBER
Classification number 510/DAS
Item number DAS
100 ## - MAIN ENTRY--PERSONAL NAME
Personal name Thiruthuvadoss/M.A
245 ## - TITLE STATEMENT
Title Magic Maths II
260 ## - PUBLICATION, DISTRIBUTION, ETC.
Name of publisher, distributor, etc. Thiruthivadoss
490 ## - SERIES STATEMENT
Volume/sequential designation 2
546 ## - LANGUAGE NOTE
Language note ENGLISH
654 ## - SUBJECT ADDED ENTRY--FACETED TOPICAL TERMS
Focus term Maths
942 ## - ADDED ENTRY ELEMENTS (KOHA)
Koha item type BOOK
Holdings
Withdrawn status Lost status Damaged status Not for loan Collection Home library Current library Shelving location Date acquired Source of acquisition Total Checkouts Full call number Barcode Date last seen Price effective from Koha item type
        CRC Fr. Agnel's C.Rodrigues College of Engineering Fr. Agnel's C.Rodrigues College of Engineering   17/03/2023 Quick Maths   510/DAS DAS 16602 17/03/2023   BOOK
        CRC Fr. Agnel's C.Rodrigues College of Engineering Fr. Agnel's C.Rodrigues College of Engineering   17/03/2023     510/DAS DAS 16604 17/03/2023   BOOK